|
|
|
|
| LEADER |
00000cam a2200000 a 4500 |
| 001 |
vtls010687536 |
| 003 |
SK-MaSNL |
| 005 |
20260302083902.0 |
| 008 |
240318e2014 xr a f cn 000 0 cze |
| 020 |
|
|
|a 9788070364260
|q (viaz.)
|
| 040 |
|
|
|a SNK
|b slo
|c SNK
|e AACR2
|
| 041 |
|
|
|a cze
|b eng
|
| 044 |
|
|
|a xr
|c cz
|
| 072 |
|
7 |
|a 392
|x Zvyky, mravy, obyčaje v súkromnom živote
|2 konspekt
|
| 080 |
|
|
|a 392.1
|2 2001
|
| 080 |
|
|
|a 2-5
|2 2001
|
| 080 |
|
|
|a 069.5
|2 2001
|
| 100 |
1 |
|
|a Tauberová, Monika
|4 aut
|9 355781
|
| 245 |
1 |
0 |
|a Narození dítěte v lidovém prostředí a rituální vliv obřadní textilie - koutní plachty
|c Monika Tauberová
|
| 250 |
|
|
|a 1. vyd.
|
| 260 |
|
|
|a Praha
|b Národní muzeum
|c 2014
|
| 300 |
|
|
|a 174 s.
|b ilustr.
|c 25 cm
|
| 504 |
|
|
|a Bibliografia: s. 155-170 ; anglické resumé
|
| 546 |
|
|
|a Angl. resumé
|
| 610 |
2 |
7 |
|a Národní muzeum
|9 84060
|
| 650 |
0 |
7 |
|a narodenie
|2 SNKPH
|9 30051
|
| 650 |
0 |
7 |
|a rituály a obrady
|2 SNKPH
|9 69610
|
| 650 |
0 |
7 |
|a múzejné zbierky
|2 SNKPH
|9 69988
|
| 650 |
0 |
7 |
|a etnografické zbierky
|2 SNKPH
|9 84942
|
| 650 |
0 |
7 |
|a kútne plachty
|2 BAULUV
|9 752426
|
| 650 |
0 |
7 |
|a Birth
|2 SNKPHeng
|9 355783
|
| 650 |
0 |
7 |
|a Folk textiles
|2 SNKPHeng
|9 752427
|
| 650 |
0 |
7 |
|a Rites and ceremonies
|2 SNKPHeng
|9 294917
|
| 650 |
0 |
7 |
|a Museum collections
|2 SNKPHeng
|9 265953
|
| 650 |
0 |
7 |
|a Ethnological collections
|2 SNKPHeng
|9 355782
|
| 655 |
|
7 |
|a monografie
|2 SNKPH
|9 70139
|
| 655 |
|
7 |
|a katalógy
|2 SNKPH
|9 60821
|
| 655 |
|
7 |
|a Monographs
|2 SNKPHeng
|9 120675
|
| 655 |
|
7 |
|a Catalogs
|2 SNKPHeng
|9 266059
|
| 919 |
|
|
|a 978-80-7036-426-0
|
| 999 |
|
|
|c 1185605
|d 1187535
|
| 952 |
|
|
|a SNK
|b SNK
|y VYP
|7 0
|p 17A1304544
|o snkIC 143714
|i snk2017/25517
|8 2
|g 12.42
|0 0
|1 0
|4 0
|d 2017-10-25
|l 0
|r 2026-02-24 21:54:13
|w 2026-02-24
|